000 01320nam a2200325 i 4500
001 768714001
003 CO-MdFUSB
005 20230315151508.0
007 ta
008 230301t1997 -uko|||| |||| 00| 0 eng d
020 _a9780691015750
040 _aCO-MdFUSB
_bspa
_cCO-MdFUSB
_dCO-MdFUSBC
_erda
041 _aeng
082 _223
_a932
_bM692
100 _aModrzejewski, Joseph,
_eAutor
245 1 _aThe Jews of Egypt :
_bfrom Rameses II to Emperor Hadrian
_c/ Joseph Modrzejewski
264 1 _aReino Unido :
_bPrinceton University Press,
_c[1997]
264 4 _c© 1997
300 _a280 páginas
_c; 25 cm
336 _2rdacontent
_atexto
_btxt
337 _2rdamedia
_asin mediación
_bn
338 _2rdacarrier
_avolumen
_bnc
520 _aEsta es la historia de las aventuras y desventuras del pueblo judío en la tierra de Egipto, envuelto en las brumas de la historia bíblica bajo los faraones; el extraño intermezzo del destacamento mercenario judío en la isla de Elefantina en el alto Nilo; el apogeo de la cultura judía bajo los Ptolomeos; y el rápido declive y la catastrófica desaparición de la comunidad judía bajo el dominio romano.
563 _aRústico
650 7 _9270
_aJudíos
_xHistoria
653 _aEgipto
942 _cBK
945 _aMiguel
999 _c68475
_d68475